Quel club pour ce duo ? Football - Statistiques

Statistiques générales
  • Ce quiz a été pris 221 fois
  • Le résultat moyen est 18 sur 20
Statistiques - réponses
Joueurs Période Club % Correct
Lewandowski et Muller 2014-2022 Bayern Munich
100%
Salah et Mané 2017-2022 Liverpool
100%
Neymar et Mbappé 2017-2023 Paris Saint Germain
100%
Ronaldo et Ramos 2009-2018 Réal Madrid
100%
De Bruyne et Sterling 2015-2022 Manchester City
99%
Payet et Gignac 2013-2015 Olympique de Marseille
99%
Bergkamp et Henry 1999-2008 Arsenal
98%
Haaland et Bellingham 2020-2022 Borussia Dortmund
98%
Lampard et Drogba 2004-2012 Chelsea
97%
Maldini et Nesta 2002-2009 AC Milan
96%
Coutinho et Suarez 2018-2019 FC Barcelone
96%
Moutinho et Falcao 2013-2019 AS Monaco
93%
Džeko et Totti 2015-2017 AS Roma
93%
Sneijder et Zanetti 2009-2013 Inter Milan
93%
Van Nistelrooy et Beckham 2001-2003 Manchester United
93%
Mahrez et Vardy 2014-2018 Leicester City
92%
Bale et Adebayor 2009-2010 Tottenham Hotspur
87%
Medina et Danso 2021-2025 RC Lens
74%
Ben Arfa et Cabaye 2011-2014 Newcastle United
64%
Benjamin Stambouli et Amine Harit 2017-2018 Schalke 04
43%
Aucun quiz correspondant
Distribution des résultats
% des personnes avec chaque résultat
Percentile par nombre de réponses
Votre historique - résultats
Vous n’avez pas pris ce quiz